000 00299nam a2200121Ia 4500
008 190216s9999||||xx |||||||||||||| ||und||
100 _aSachdeva T N&Amp; Sachadev Sk
245 0 _aEconomics Of Development
260 _bSudha Pubs Pvt Ltd
_c1975
300 _a413p
650 _aCommerce
942 _cBK
999 _c3988
_d3988